| 000 | 00796nam a2200253Ia 4500 | ||
|---|---|---|---|
| 003 | OSt | ||
| 005 | 20220928113658.0 | ||
| 006 | a|||||r|||| 00| 0 | ||
| 007 | ta | ||
| 008 | 220927b |||||||| |||| 00| 0 eng d | ||
| 020 | _c1517.8706999999999 | ||
| 024 | _a113194 | ||
| 037 |
_b129, 01/11/2011, Pioneer Book Distributors _cTextual |
||
| 040 |
_aSDCL _cSDCL _beng |
||
| 041 |
_2eng _aeng |
||
| 082 | _aV1:19(zp)'P, Q1 | ||
| 100 |
_aPrice Stuart _9434445 |
||
| 245 | 0 |
_aWorst-case scenario? _b Governance mediation and the security regime. |
|
| 260 |
_aLondon _bZed Books _c2011 |
||
| 300 |
_avii,287p _ccm. |
||
| 650 | _aPolitical Science | ||
| 942 |
_hV1:19(zp)'P, Q1 _cTEXL _2CC |
||
| 999 |
_c750780 _d750780 |
||